Fiber-optic communication systems / (Record no. 130304)

MARC details
000 -LEADER
fixed length control field 00822cam a22002654a 4500
008 - FIXED-LENGTH DATA ELEMENTS--GENERAL INFORMATION
fixed length control field
020 ## - INTERNATIONAL STANDARD BOOK NUMBER
International Standard Book Number 9780470505113 (hbk. )
049 ## - LOCAL HOLDINGS (OCLC)
Holding library MAIN
090 ## - LOCALLY ASSIGNED LC-TYPE CALL NUMBER (OCLC); LOCAL CALL NUMBER (RLIN)
Classification number (OCLC) (R) ; Classification number, CALL (RLIN) (NR) TK5103.59
Local cutter number (OCLC) ; Book number/undivided call number, CALL (RLIN) AGR
003 - CONTROL NUMBER IDENTIFIER
control field
005 - DATE AND TIME OF LATEST TRANSACTION
control field 20230123122238.0
040 ## - CATALOGING SOURCE
Transcribing agency NUST
100 1# - MAIN ENTRY--PERSONAL NAME
Personal name Agrawal, Govind P.
245 10 - TITLE STATEMENT
Title Fiber-optic communication systems /
Statement of responsibility, etc. Govind P. Agrawal.
250 ## - EDITION STATEMENT
Edition statement 4th ed.
260 ## - PUBLICATION, DISTRIBUTION, ETC.
Place of publication, distribution, etc. New York :
Name of publisher, distributor, etc. Wiley,
Date of publication, distribution, etc. c2010.
300 ## - PHYSICAL DESCRIPTION
Extent xvii, 603 p. :
Other physical details ill. ;
Dimensions 25 cm. +
Accompanying material 1 CD-ROM (4 3/4 in.)
440 #0 - SERIES STATEMENT/ADDED ENTRY--TITLE
Title Wiley series in microwave and optical engineering ;
Volume/sequential designation 222.
504 ## - BIBLIOGRAPHY, ETC. NOTE
Bibliography, etc. note Includes biblographical references
500 ## - GENERAL NOTE
General note Includes index
650 #0 - SUBJECT ADDED ENTRY--TOPICAL TERM
Topical term or geographic name entry element Optical communications.
650 #0 - SUBJECT ADDED ENTRY--TOPICAL TERM
Topical term or geographic name entry element Fiber optics.
907 ## - LOCAL DATA ELEMENT G, LDG (RLIN)
a .b10312286
b 05-10-17
c 20-04-12
942 ## - ADDED ENTRY ELEMENTS (KOHA)
Koha item type Ordinary Loan Books
Call number prefix TK5103.59
Call number suffix AGR
Holdings
Date last seen Total Checkouts Full call number Barcode Cost, replacement price Price effective from Koha item type Lost status Source of classification or shelving scheme Damaged status Not for loan Collection Withdrawn status Home library Current library Shelving location Date acquired Cost, normal purchase price
01/23/2023   TK5103.59 AGR 92004042005 80.00 01/23/2023 BOOKS   LCC     NFIC   MAIN MAIN GEN 01/23/2023 80.00